<?xml version="1.0" encoding="UTF-8"?>
<record
    xmlns:xsi="http://www.w3.org/2001/XMLSchema-instance"
    xsi:schemaLocation="http://www.loc.gov/MARC21/slim http://www.loc.gov/standards/marcxml/schema/MARC21slim.xsd"
    xmlns="http://www.loc.gov/MARC21/slim">

  <leader>04050nam a2200553 i 4500</leader>
  <controlfield tag="001">45597</controlfield>
  <controlfield tag="003">FINmELB</controlfield>
  <controlfield tag="005">20241216231718.0</controlfield>
  <controlfield tag="006">m     o  d |      </controlfield>
  <controlfield tag="007">cr cnu||||||||</controlfield>
  <controlfield tag="008">210616s2019    ck ao  gob    000 0 spa d</controlfield>
  <datafield tag="020" ind1=" " ind2=" ">
    <subfield code="a">9781512982138</subfield>
    <subfield code="q">(e-book)</subfield>
  </datafield>
  <datafield tag="020" ind1=" " ind2=" ">
    <subfield code="z">9789587633498</subfield>
  </datafield>
  <datafield tag="035" ind1=" " ind2=" ">
    <subfield code="a">(OCoLC)1257034632</subfield>
  </datafield>
  <datafield tag="040" ind1=" " ind2=" ">
    <subfield code="a">FINmELB</subfield>
    <subfield code="b">spa</subfield>
    <subfield code="e">rda</subfield>
    <subfield code="c">FINmELB</subfield>
  </datafield>
  <datafield tag="050" ind1=" " ind2="4">
    <subfield code="a">HT129.C7</subfield>
    <subfield code="b">L593 2019</subfield>
  </datafield>
  <datafield tag="080" ind1=" " ind2=" ">
    <subfield code="a">316</subfield>
  </datafield>
  <datafield tag="082" ind1="0" ind2="0">
    <subfield code="a">307.7609861</subfield>
    <subfield code="2">23</subfield>
  </datafield>
  <datafield tag="100" ind1="1" ind2=" ">
    <subfield code="a">Lizarazo Guerrero, Andersson Hernando,</subfield>
    <subfield code="e">autor.</subfield>
  </datafield>
  <datafield tag="245" ind1="1" ind2="0">
    <subfield code="a">Asentarse en Ciudad Bol&#xED;var :</subfield>
    <subfield code="b">una historia de sociabilidad y solidaridad en la construcci&#xF3;n de la ciudad popular /</subfield>
    <subfield code="c">Andersson Hernando Lizarazo Guerrero, John Fredy S&#xE1;nchez Mojica.</subfield>
  </datafield>
  <datafield tag="264" ind1=" " ind2="1">
    <subfield code="a">Bogot&#xE1; :</subfield>
    <subfield code="b">Corporaci&#xF3;n Universitaria Minuto de Dios. UNIMINUTO,</subfield>
    <subfield code="c">2019.</subfield>
  </datafield>
  <datafield tag="300" ind1=" " ind2=" ">
    <subfield code="a">1 recurso en l&#xED;nea (124 p&#xE1;ginas) :</subfield>
    <subfield code="b">ilustraciones</subfield>
  </datafield>
  <datafield tag="336" ind1=" " ind2=" ">
    <subfield code="a">texto</subfield>
    <subfield code="b">txt</subfield>
    <subfield code="2">rdacontent/spa</subfield>
  </datafield>
  <datafield tag="337" ind1=" " ind2=" ">
    <subfield code="a">computadora</subfield>
    <subfield code="b">c</subfield>
    <subfield code="2">rdamedia/spa</subfield>
  </datafield>
  <datafield tag="338" ind1=" " ind2=" ">
    <subfield code="a">recurso en l&#xED;nea</subfield>
    <subfield code="b">cr</subfield>
    <subfield code="2">rdacarrier/spa</subfield>
  </datafield>
  <datafield tag="490" ind1="1" ind2=" ">
    <subfield code="a">Colecci&#xF3;n Uniminuto</subfield>
  </datafield>
  <datafield tag="504" ind1=" " ind2=" ">
    <subfield code="a">Incluye bibliograf&#xED;a.</subfield>
  </datafield>
  <datafield tag="505" ind1="0" ind2=" ">
    <subfield code="a">P&#xC1;GINA LEGAL -- CONTENIDO -- &#xCD;NDICE DE FIGURAS -- FIGURA 1. PRIMERA CASA DEL BARRIO NACIONES UNIDAS, 2018 -- FIGURA 2. PRIMERAS CASAS DE PAROI (1984) -- FIGURA 3. MUNICIPIOS AFECTADOS POR LA VIOLENCIA 1948-1953 -- FIGURA 4. BARRIO LA CUMBRE. QUEBRADA EL INFIERNO (2018) -- FIGURA 5. JERUSAL&#xC9;N VISTO DESDE SIERRA MORENA, 2011 -- FIGURA 6. QUERELLA INTERPUESTA POR PERTURBACI&#xD3;N, A&#xD1;O 1984 -- FIGURA 7. QUERELLA INTERPUESTA POR PERTURBACI&#xD3;N (1986) -- FIGURA 8. QUERELLA INTERPUESTA POR PERTURBACI&#xD3;N (1986) -- FIGURA 9. CARTEL DE EMPLAZAMIENTO EN EL SECTOR DE JERUSAL&#xC9;N, BARRIO (...) -- AUTORES -- INTRODUCCI&#xD3;N -- CAP&#xCD;TULO 1. SURGIMIENTO Y URBANIZACI&#xD3;N DE CIUDAD BOL&#xCD;VAR -- UNA INSTANT&#xC1;NEA DE CIUDAD BOL&#xCD;VAR -- PRIMEROS HABITANTES -- HACIENDA LA MAR&#xCD;A -- HACIENDA CASABLANCA -- LA HERENCIA DE LA VIOLENCIA -- TRAS LA ILUSI&#xD3;N DE PROGRESO -- CAP&#xCD;TULO 2. INSEGURIDAD Y ACCI&#xD3;N COLECTIVA -- DELINCUENCIA Y CRIMINALIDAD: UN PUNTO DE QUIEBRE -- SEGUNDOS HABITANTES -- NACIONES UNIDAS -- JERUSAL&#xC9;N -- LOS ASENTAMIENTOS INFORMALES -- LUCHAS SOCIALES -- CAP&#xCD;TULO 3. LAS FORMAS DE SOCIABILIDAD -- ESTABLECIDOS Y MARGINADOS -- LOS PRIMEROS A&#xD1;OS -- DE TIERREROS Y OCUPACIONES -- EL OTRO COMO AMENAZA -- COHESI&#xD3;N Y MANTENIMIENTO DEL PODER -- HACIA OTRAS FORMAS DE RELACIONAMIENTO -- TIERREROS Y ORGANIZACI&#xD3;N SOCIAL -- FORTALECIMIENTO SOCIAL -- LOS L&#xCD;MITES DEL TERRITORIO -- NACIONES UNIDAS Y JERUSAL&#xC9;N, DOS CASOS REPRESENTATIVOS. A MODO DE (...) -- BIBLIOGRAF&#xCD;A.</subfield>
  </datafield>
  <datafield tag="520" ind1=" " ind2=" ">
    <subfield code="a">El presente libro, al indagar por el surgimiento y consolidaci&#xF3;n de dos barrios de Bogot&#xE1;, establece un marco que posibilita la aproximaci&#xF3;n a din&#xE1;micas hist&#xF3;ricas de sociabilidad, reconociendo su impacto y relevancia en la constituci&#xF3;n actual de las comunidades.</subfield>
  </datafield>
  <datafield tag="588" ind1=" " ind2=" ">
    <subfield code="a">Descripci&#xF3;n basada en metadatos suministrados por el editor y otras fuentes.</subfield>
  </datafield>
  <datafield tag="590" ind1=" " ind2=" ">
    <subfield code="a">Recurso electr&#xF3;nico. Santa Fe, Arg.: elibro, 2021. Disponible v&#xED;a World Wide Web. El acceso puede estar limitado para las bibliotecas afiliadas a elibro.</subfield>
  </datafield>
  <datafield tag="650" ind1=" " ind2="0">
    <subfield code="a">Sociology</subfield>
    <subfield code="z">Colombia.</subfield>
  </datafield>
  <datafield tag="650" ind1=" " ind2="0">
    <subfield code="a">Violence</subfield>
    <subfield code="v">Case studies.</subfield>
  </datafield>
  <datafield tag="650" ind1=" " ind2="4">
    <subfield code="a">Sociolog&#xED;a</subfield>
    <subfield code="z">Ciudad Bol&#xED;var (Bogot&#xE1;, Colombia)</subfield>
    <subfield code="y">1956-2000.</subfield>
  </datafield>
  <datafield tag="650" ind1=" " ind2="4">
    <subfield code="a">Violencia</subfield>
    <subfield code="x">Estudio de casos</subfield>
    <subfield code="z">Ciudad Bol&#xED;var (Bogot&#xE1;, Colombia)</subfield>
  </datafield>
  <datafield tag="651" ind1=" " ind2="0">
    <subfield code="a">Bol&#xED;var (Colombia : Department)</subfield>
    <subfield code="x">History.</subfield>
  </datafield>
  <datafield tag="651" ind1=" " ind2="4">
    <subfield code="a">Ciudad Bol&#xED;var (Bogot&#xE1;, Colombia)</subfield>
    <subfield code="x">Condiciones sociales.</subfield>
  </datafield>
  <datafield tag="651" ind1=" " ind2="4">
    <subfield code="a">Ciudad Bol&#xED;var (Bogot&#xE1;, Colombia)</subfield>
    <subfield code="x">Historia.</subfield>
  </datafield>
  <datafield tag="651" ind1=" " ind2="4">
    <subfield code="a">Ciudad Bol&#xED;var (Bogot&#xE1;, Colombia)</subfield>
    <subfield code="x">Investigaciones.</subfield>
  </datafield>
  <datafield tag="651" ind1=" " ind2="4">
    <subfield code="a">Ciudad Bol&#xED;var (Bogot&#xE1;, Colombia)</subfield>
    <subfield code="x">Poblaci&#xF3;n.</subfield>
  </datafield>
  <datafield tag="655" ind1=" " ind2="4">
    <subfield code="a">Libros electr&#xF3;nicos.</subfield>
  </datafield>
  <datafield tag="700" ind1="1" ind2=" ">
    <subfield code="a">S&#xE1;nchez Mojica, John Fredy.</subfield>
  </datafield>
  <datafield tag="797" ind1="2" ind2=" ">
    <subfield code="a">elibro, Corp.</subfield>
  </datafield>
  <datafield tag="830" ind1=" " ind2="0">
    <subfield code="a">Colecci&#xF3;n Uniminuto.</subfield>
  </datafield>
  <datafield tag="856" ind1="4" ind2="0">
    <subfield code="u">https://elibro.net/ereader/politecnicointernacional/129149</subfield>
  </datafield>
  <datafield tag="999" ind1=" " ind2=" ">
    <subfield code="c">45597</subfield>
    <subfield code="d">45597</subfield>
  </datafield>
</record>
